Französische Städte - Sudden Death - Statistiken

Allgemein
  • Dieses Quiz wurde 973 mal gespielt
  • Das Durchschnittsergebnis liegt bei 9 aus 16
Answers on the Grid
Answers color-coded by a green-red scale on the quiz's grid according to % correct below.
Alcorcón
Antwerpen
Bordeaux
Brüssel
Calais
Charleroi
Châtelet
Colmar
Gijón
Ixelles
La Louvière
Lausanne
Le Havre
Leganés
León
Liège
Lille
Lyon
Marseille
Mechelen
Nantes
Nizza
Orléans
Pamplona
Paris
Reims
Rennes
Straßburg
Toulouse
Vannes
 
Antwortstatistiken
Antwort % Korrekt
Bordeaux
91%
Calais
66%
Paris
66%
Lyon
64%
Marseille
63%
Nizza
63%
Straßburg
61%
Toulouse
61%
Lille
60%
Nantes
59%
Rennes
57%
Reims
55%
Le Havre
49%
Orléans
39%
Colmar
37%
Vannes
21%
Keine übereinstimmenden Quizze gefunden
Verteilung der Resultate
Anzahl Personen mit jedem Resultat
Perzentil nach korrekt beantworteten Fragen
Ihre Resultats-Entwicklung
Sie haben dieses Quiz noch nicht gespielt